Statistics for Diamond League (Track) Cities

Click here to take the quiz!

General Stats

  • This quiz has been taken 20 times
  • The average score is 12 of 14

Answer Stats

CountryCity% Correct
United KingdomLondon
100%
NorwayOslo
100%
FranceParis
100%
BelgiumBrussels
95%
QatarDoha
95%
ItalyRome
95%
SwedenStockholm
95%
MonacoMonaco
90%
SwitzerlandZurich
90%
MoroccoRabat
80%
ChinaShanghai
70%
United KingdomBirmingham
65%
United StatesEugene
55%
SwitzerlandLausanne
55%

Score Distribution

Percentile by Number Answered

Percent of People with Each Score

Your Score History

You have not taken this quiz